Famous Animated Movies by Picture - Statistics

General Stats
  • This quiz has been taken 264 times
  • The average score is 13 of 16
Answer Stats
Picture Answer % Correct
Shrek
99%
The Grinch
98%
Peter Pan
97%
Minions
96%
Cinderella
94%
The Little Mermaid
93%
Monsters, Inc.
92%
Ratatouille
91%
The Polar Express
90%
Inside Out
88%
Lady and the Tramp
80%
Bee Movie
79%
The Lorax
79%
Big Hero Six
61%
Spider-Man: Into the Spider-Verse
56%
Madagascar
55%
No matching quizzes found
Score Distribution
Percent of People with Each Score
Percentile by Number Answered
Your Score History
You have not taken this quiz